| 000 | 00403nam a2200169Ia 4500 | ||
|---|---|---|---|
| 005 | 20240823010652.0 | ||
| 008 | 240823s9999||||xx |||||||||||||| ||und|| | ||
| 082 | _A658.406 N9 | ||
| 100 | _a"Crainer,Stuart" | ||
| 245 | 0 | _aKey Management Ideas | |
| 250 | _a1st | ||
| 260 |
_c1999 _b"Macmillan,London" |
||
| 500 | _aYES | ||
| 650 |
_aManagement _bManagement Studies |
||
| 942 | _cBK | ||
| 999 |
_c159305 _d159305 |
||